Puzzle z nazwami podzielonych państw #1 - Statystyki

Ogólne statystyki
  • Ten quiz został rozwiązany 254 razy
  • Średni wynik to 14 z 20
Statystyki odpowiedzi
Państwo % Poprawnych
AFG ANIS TAN Afganistan
96%
NOWA ZELA NDIA Nowa Zelandia
92%
CZA RNO GÓRA Czarnogóra
91%
PAR AG WAJ Paragwaj
88%
AZE RBEJ DŻAN Azerbejdżan
87%
CHO RWA CJA Chorwacja
86%
WEN EZUE LA Wenezuela
81%
TAJ LAN DIA Tajlandia
80%
BAR BA DOS Barbados
70%
SR ILA NKA Sri Lanka
68%
TA NZA NIA Tanzania
66%
RU MUN IA Rumunia
64%
IB UTI Dżibuti
62%
KA MBO DŻA Kambodża
62%
DA N IA Dania
60%
NIKA RA GUA Nikaragua
60%
LES OT HO Lesotho
57%
UG AN DA Uganda
56%
BE LG IA Belgia
55%
ES WAT INI Eswatini
49%
Nie znaleziono quizów pasujących do podanych kryteriów
Rozkład punktacji
Procent ludzi z każdym wynikiem
Percentyl według liczby udzielonych odpowiedzi
Twoja historia wyników
Nie rozwiązałeś tego quizu